Специализированные информационно-вычислительные комплексы: сборник научных трудов

Opis bibliograficzny
Korporacja: Ленинградский институт авиационного приборостроения (ЛИАП)
Kolejni autorzy: Каспаров Г. А. (редактор)
Streszczenie:Исключено из фонда НТБ ТПУ
Język:rosyjski
Wydane: Ленинград, Изд-во ЛИАП, 1986
Seria:Труды Ленинградского института авиационного приборостроения Вып. 180
Format: Książka
KOHA link:https://koha.lib.tpu.ru/cgi-bin/koha/opac-detail.pl?biblionumber=266788

MARC

LEADER 00000nam0a2200000 4500
001 266788
005 20231031223615.0
035 |a (RuTPU)RU\TPU\book\289808 
090 |a 266788 
100 |a 20140715d1986 k y0rusy50 ca 
101 0 |a rus 
102 |a RU 
105 |a a z 001zy 
200 1 |a Специализированные информационно-вычислительные комплексы  |e сборник научных трудов  |f Ленинградский институт авиационного приборостроения (ЛИАП) ; науч. ред. Г. А. Каспаров 
210 |a Ленинград  |c Изд-во ЛИАП  |d 1986 
215 |a 128 с.  |c ил. 
225 1 |a Труды Ленинградского института авиационного приборостроения  |v Вып. 180 
333 |a Исключено из фонда НТБ ТПУ 
702 1 |a Каспаров  |b Г. А.  |4 340 
712 0 2 |a Ленинградский институт авиационного приборостроения (ЛИАП) 
801 1 |a RU  |b 63413507  |c 20140715 
801 2 |a RU  |b 63413507  |c 20220211  |g RCR 
942 |c BK